| 000 | 01451cam a22003131i 4500 | ||
|---|---|---|---|
| 003 | SA-RiAUC | ||
| 005 | 20250119124332.0 | ||
| 008 | 250117s1986 ly g b 000 0 ara c | ||
| 040 |
_aSA-JeALM _bara _cSA-RiAUC _erda |
||
| 050 | 4 | _b.B3 1986 | |
| 082 | 0 | 4 |
_a345.04 _qSA-RiAUC |
| 090 |
_a345.04 _b ب ش ي |
||
| 100 | 1 |
_aبشير، جمعة محمد فرج _eمؤلف. |
|
| 245 | 1 | 2 |
_aالأسباب المسقطة للمسئولية الجنائية في الشريعة الإسلامية والقانون الوضعي / _cجمعة محمد فرج بشير. |
| 250 | _aالطبعة الأولى. | ||
| 264 | 1 |
_aطرابلس، ليبيا : _bالمنشأة العامة والإعلان، _c1986 |
|
| 300 |
_a309 صفحة ؛ _c24 سم |
||
| 336 |
_aنص _btxt _2rdacontent _3كتاب |
||
| 337 |
_aبدون وسيط _bn _2rdamedia |
||
| 338 |
_aمجلد _bnc _2rdacarrier |
||
| 500 | _aتوجد ملاحظات من الشيخ الدكتور عبدالوهاب أبو سليمان رحمه الله في داخل الكتاب. | ||
| 504 | _aببليوجرافية : صفحة 283-299. | ||
| 504 | _aيشتمل على إرجاعات ببليوجرافية. | ||
| 650 | 7 |
_aالجنايات (فقه إسلامي) _2aucsh |
|
| 650 | 7 |
_aالعقوبات (فقه إسلامي) _2aucsh |
|
| 650 | 7 |
_aالمسئولية الجنائية (فقه إسلامي) _2aucsh |
|
| 942 |
_2ddc _cBOOK _n0 |
||
| 949 |
_aSA-JeALM _d250117 _umohamedma123 _n1 |
||
| 999 |
_c4971 _d4971 |
||